LEADER 01620oam 2200481zu 450 001 9910164748003321 005 20210807002203.0 010 $a0-8031-4584-5 035 $a(CKB)3170000000044813 035 $a(SSID)ssj0001489743 035 $a(PQKBManifestationID)11995359 035 $a(PQKBTitleCode)TC0001489743 035 $a(PQKBWorkID)11460000 035 $a(PQKB)11171336 035 $a(NjHacI)993170000000044813 035 $a(EXLCZ)993170000000044813 100 $a20160829d1970 uy 101 0 $aeng 135 $aur||||||||||| 181 $ctxt 182 $cc 183 $acr 200 10$aEffects of Environment and Complex Load History on Fatigue Life 210 31$a[Place of publication not identified]$cAmerican Society for Testing & Materials$d1970 215 $a1 online resource (328 pages) $cillustrations 225 1 $aASTM special technical publication, ;$v462 300 $aBibliographic Level Mode of Issuance: Monograph 311 $a0-8031-0032-9 320 $aIncludes bibliographical references. 410 0$aASTM special technical publication ;$v462. 606 $aCorrosion and anti-corrosives$vCongresses 606 $aFracture mechanics$vCongresses 606 $aMaterials$xFatigue$vCongresses 615 0$aCorrosion and anti-corrosives 615 0$aFracture mechanics 615 0$aMaterials$xFatigue 676 $a620.1122 700 $aRosenfeld$b M. S$0946510 801 0$bPQKB 906 $aBOOK 912 $a9910164748003321 996 $aEffects of Environment and Complex Load History on Fatigue Life$92138376 997 $aUNINA LEADER 02795nam 22006132 450 001 9910780251003321 005 20230922181707.0 010 $a1-107-11200-1 010 $a0-511-00989-5 010 $a1-280-41666-1 010 $a0-511-17220-6 010 $a0-511-15031-8 010 $a0-511-31010-2 010 $a0-511-60573-0 010 $a0-511-05270-7 035 $a(CKB)111087027180710 035 $a(EBL)201843 035 $a(OCoLC)475916015 035 $a(SSID)ssj0000114158 035 $a(PQKBManifestationID)11140608 035 $a(PQKBTitleCode)TC0000114158 035 $a(PQKBWorkID)10102091 035 $a(PQKB)11674381 035 $a(UkCbUP)CR9780511605734 035 $a(MiAaPQ)EBC201843 035 $a(Au-PeEL)EBL201843 035 $a(CaPaEBR)ebr10065245 035 $a(CaONFJC)MIL41666 035 $a(PPN)188604758 035 $a(EXLCZ)99111087027180710 100 $a20090910d2000|||| uy 0 101 0 $aeng 135 $aur||||||||||| 181 $ctxt$2rdacontent 182 $cc$2rdamedia 183 $acr$2rdacarrier 200 10$aBounds of justice /$fOnora O'Neill 210 1$aCambridge :$cCambridge University Press,$d2000. 215 $a1 online resource (ix, 219 pages) $cdigital, PDF file(s) 311 0 $a0-521-44744-5 311 0 $a0-521-44232-X 320 $aIncludes bibliographical references (p. 203-213) and index. 327 $aCover; Half-title; Title; Copyright; Dedication; Contents; Preface; Introduction; PART 1 Philosophical bounds of justice; PART II Political bounds of justice; Bibliography; Index 330 $aIn this collection of essays Onora O'Neill explores and argues for an account of justice that is fundamentally cosmopolitan rather than civic, yet takes serious account of institutions and boundaries, and of human diversity and vulnerability. Starting from conceptions that are central to any account of justice - those of reason, action, judgement, coercion, obligations and rights - she discusses whether and how culturally or politically specific concepts and views, which limit the claims and scope of justice, can be avoided. She then examines the demands and scope of just institutions, arguing that there are good reasons for taking the claims of distant strangers seriously, but that doing so points not to a world without boundaries but to one of porous boundaries and dispersed power. Bounds of Justice will be of interest to a wide range of readers in philosophy, politics and international relations. 606 $aJustice 615 0$aJustice. 676 $a172/.2 700 $aO'Neill$b Onora$f1941-$0162171 801 0$bUkCbUP 801 1$bUkCbUP 906 $aBOOK 912 $a9910780251003321 996 $aBounds of justice$93687167 997 $aUNINA